Mötley Crüe - Chansons les plus écoutées - Statistiques

Statistiques générales
  • Ce quiz a été pris 9 fois
  • Le résultat moyen est 7 sur 20
Statistiques - réponses
Classement Nombre d'écoutes Titre % Correct
1 927 996 708 Kickstart My Heart
86%
2 378 836 981 Girls, Girls, Girls
71%
6 221 382 959 Shout at the Devil
71%
12 68 886 549 Too Young to Fall in Love
57%
4 311 738 851 Dr. Feelgood
43%
3 313 933 065 Home Sweet Home
43%
9 107 079 740 Same Ol' Situation (S.O.S)
43%
11 82 077 308 Smokin' in the Boys Room
43%
13 52 024 410 Don't Go Away Mad (Just Go Away)
29%
7 161 230 669 Live Wire
29%
8 131 588 901 Looks That Kill
29%
10 105 270 780 Take Me To The Top
29%
5 182 868 952 Wild Side
29%
18 ~ 35 M Helter Skelter
14%
17 ~ 40 M Piece of Your Action
14%
15 ~ 44 M Primal Scream
14%
19 ~ 30 M Red Hot
14%
14 ~ 45 M Saints of Los Angeles
14%
20 ~ 28 M Ten Seconds to Love
14%
16 ~ 42 M The Dirt (Est. 1981)
14%
Aucun quiz correspondant
Distribution des résultats
% des personnes avec chaque résultat
Percentile par nombre de réponses
Votre historique - résultats
Vous n’avez pas pris ce quiz